000 00517nam a2200205Ia 4500
003 OSt
005 20260602092553.0
008 210210b1998 xxu||||| |||| 00| 0 eng d
040 _cAL
041 _aKannada
082 _a574 SURB
100 _aSURESHNATH (M L) & others.
_9264947
245 _aBiology: a text book for first year PUC.
260 _aMangalore
_bDeepa Publishers
_c1998
300 _a324
650 _aI PUC biology
_9264948
690 _aBiology
_9264949
906 _a053281
942 _2ddc
_cBK
999 _c101164
_d101164